000 00295nam a22001337a 4500
082 _a494
_bUNN/A
100 _aUNNIKRISHNAN, K. G
245 _aALVIDHA VRINDHAVAN
250 _aFIRST
260 _aCOCHIN
_bAMAR KERALA INDUSTRIES
_c2002
300 _a105
650 _aPOETRY
_zCOCHIN
942 _cBK
999 _c4423
_d4423